[Event "East Lansing (MI Am/1)"]
[Site "?"]
[Date "1992.??.??"]
[Round "?"]
[White "Caron, L."]
[Black "Nicolli, Randy"]
[Result "0-1"]
[WhiteElo "1605"]
[BlackElo "1605"]
[PlyCount "90"]
[EventDate "1992.??.??"]

1. e4 e5 2. Nf3 Nc6 3. Nc3 d6 4. d4 Bd7 5. d5 Nce7 6. Be3 g6 7. Be2 Bg7 8. O-O
f5 9. exf5 Nxf5 10. Ne4 Nf6 11. Qd3 O-O 12. c4 a6 13. b3 Qe8 14. h3 h6 15. Nh2
g5 16. g4 Nh4 17. Nf3 Ng6 18. Kg2 Nf4+ 19. Bxf4 exf4 20. Nxf6+ Rxf6 21. Rae1
Qf7 22. Bd1 Kh8 23. Bc2 Bf8 24. Re2 Re8 25. Rxe8 Bxe8 26. Re1 Bd7 27. Qd4 Qg7
28. Nd2 Rf7 29. Qxg7+ Bxg7 30. f3 Be5 31. Bg6 Rf8 32. Ne4 Kg7 33. Bh5 c5 34.
dxc6 Bxc6 35. c5 d5 36. Nd6 Kf6 37. b4 d4 38. Ne4+ Bxe4 39. Rxe4 d3 40. Re1 d2
41. Rd1 Bc3 42. a3 Rd8 43. Kf2 Rd3 44. Ke2 Re3+ 45. Kf2 Re1 0-1

[Event "Lansing (Apr)"]
[Site "?"]
[Date "1992.??.??"]
[Round "?"]
[White "Caron, L."]
[Black "McNutt, K."]
[Result "0-1"]
[WhiteElo "1605"]
[BlackElo "1605"]
[PlyCount "82"]
[EventDate "1992.??.??"]

1. c4 e5 2. e4 Bc5 3. Nf3 Qf6 4. d3 d6 5. Be3 Bxe3 6. fxe3 Bg4 7. h3 Bxf3 8.
Qxf3 Qxf3 9. gxf3 Nf6 10. Rg1 O-O 11. Nc3 Nc6 12. O-O-O Nb4 13. a3 Nc6 14. f4
exf4 15. exf4 Nd4 16. f5 Rab8 17. Ne2 Nxe2+ 18. Bxe2 c6 19. b4 Rfc8 20. Rg2 b5
21. Rdg1 Kf8 22. Rxg7 c5 23. Kb2 cxb4 24. axb4 bxc4 25. Rc1 Kxg7 26. Rxc4 Rd8
27. Kc3 d5 28. Rd4 Rdc8+ 29. Kb3 a5 30. e5 Rxb4+ 31. Rxb4 axb4 32. exf6+ Kxf6
33. Bf3 Rc3+ 34. Kxb4 Rxd3 35. Bg4 d4 36. Kc4 Rd2 37. Kd5 Kg5 38. Ke5 h5 39.
Bf3 d3 40. Bd5 Re2+ 41. Be4 d2 0-1

[Event "East Lansing (MI Am/3)"]
[Site "?"]
[Date "1992.??.??"]
[Round "?"]
[White "Caron, L."]
[Black "Harrison, T."]
[Result "0-1"]
[WhiteElo "1605"]
[BlackElo "1605"]
[PlyCount "104"]
[EventDate "1992.??.??"]

1. c4 e6 2. d4 c6 3. e4 d5 4. e5 c5 5. Be3 cxd4 6. Bxd4 Nc6 7. Nf3 Nxd4 8. Nxd4
Bc5 9. Be2 Qb6 10. Nb3 Bxf2+ 11. Kd2 Qe3+ 12. Kc2 Qxe5 13. cxd5 Qxd5 14. Qxd5
exd5 15. Bb5+ Bd7 16. Bxd7+ Kxd7 17. Rd1 Ne7 18. Rd2 Bb6 19. Nd4 Rhd8 20. Nc3
Ke8 21. Re1 Rac8 22. Nf5 Rc7 23. Nxe7 Rxe7 24. Rxe7+ Kxe7 25. Nxd5+ Ke6 26.
Nc7+ Bxc7 27. Re2+ Be5 28. b4 f5 29. a4 Kf6 30. Kb3 Re8 31. h3 Re6 32. Kc4 g6
33. Kd5 h6 34. b5 g5 35. g4 Rd6+ 36. Kc4 b6 37. Rf2 Rd4+ 38. Kb3 Rd3+ 39. Kc4
Rd4+ 40. Kb3 Bf4 41. Kc3 Rxa4 42. Kb3 Re4 43. Kc3 fxg4 44. hxg4 Kg6 45. Kd3 Ra4
46. Re2 Kf7 47. Re4 Ra3+ 48. Kd4 Rg3 49. Rxf4+ gxf4 50. Ke4 Rxg4 51. Kf3 Rg5
52. Kxf4 Rxb5 0-1

[Event "Flint (MI Senior/1)"]
[Site "?"]
[Date "1992.??.??"]
[Round "?"]
[White "Caron, L."]
[Black "Griffin, John"]
[Result "0-1"]
[WhiteElo "1605"]
[BlackElo "1615"]
[PlyCount "74"]
[EventDate "1992.??.??"]

1. e4 c5 2. Nc3 Nc6 3. Nf3 e6 4. Be2 Nge7 5. O-O g6 6. d4 cxd4 7. Nxd4 Bg7 8.
Be3 O-O 9. f4 Nxd4 10. Bxd4 Nc6 11. e5 Nxd4 12. Qxd4 a6 13. Ne4 b5 14. Nd6 Qc7
15. c3 f6 16. Kh1 Rb8 17. Bf3 Qb6 18. Qxb6 Rxb6 19. Nxc8 Rxc8 20. exf6 Bxf6 21.
Rae1 Re8 22. Bd5 Kg7 23. Rf3 Re7 24. b4 exd5 25. Rxe7+ Bxe7 26. g3 Re6 27. Kg2
Bd8 28. a3 Bb6 29. h3 d4 30. cxd4 Re4 31. d5 Re2+ 32. Rf2 Bxf2 33. Kf3 Rd2 34.
Ke4 Bxg3 35. f5 gxf5+ 36. Kxf5 Bd6 37. Ke4 Rh2 0-1

[Event "Lansing (Aug)"]
[Site "?"]
[Date "1992.??.??"]
[Round "?"]
[White "Caron, L."]
[Black "Duweck, H."]
[Result "1-0"]
[WhiteElo "1605"]
[BlackElo "1605"]
[PlyCount "73"]
[EventDate "1992.??.??"]

1. c4 e5 2. e4 Nf6 3. Nc3 g6 4. Nf3 Nc6 5. d3 Bg7 6. Be3 O-O 7. Be2 d6 8. O-O
b6 9. b3 Na5 10. d4 c5 11. d5 b5 12. Bd3 bxc4 13. bxc4 Ba6 14. Nd2 Rb8 15. Rb1
Rxb1 16. Qxb1 Ng4 17. h3 Nxe3 18. fxe3 Nxc4 19. Nxc4 Bxc4 20. Bxc4 Qa5 21. Nb5
Qa4 22. Nxd6 Qd7 23. Nb5 a6 24. Nc3 Bh6 25. Rf3 a5 26. a4 Qc7 27. Nb5 Qb7 28.
Nc3 Qxb1+ 29. Nxb1 Rb8 30. Nc3 f5 31. d6+ Kf8 32. exf5 gxf5 33. Rxf5+ Ke8 34.
Bb5+ Kd8 35. Rxe5 Bxe3+ 36. Rxe3 h5 37. Re8# 1-0

[Event "Lansing (Apr)"]
[Site "?"]
[Date "1992.??.??"]
[Round "?"]
[White "Caron, L."]
[Black "Clough, E."]
[Result "1-0"]
[WhiteElo "1605"]
[BlackElo "1605"]
[PlyCount "131"]
[EventDate "1992.??.??"]

1. e4 c5 2. Nc3 Nf6 3. Nf3 g6 4. Be2 Bg7 5. O-O d6 6. d4 cxd4 7. Nxd4 Nc6 8.
Be3 O-O 9. f4 Bg4 10. h3 Bh5 11. Rf2 e6 12. g4 Bxg4 13. hxg4 Nd7 14. g5 Qe7 15.
Rh2 f6 16. Bc4 d5 17. exd5 exd5 18. Bxd5+ Kh8 19. Qd2 fxg5 20. f5 gxf5 21. Rf2
f4 22. Bxf4 Bxd4 23. Bxg5 Bxf2+ 24. Kg2 Qg7 25. Rf1 h6 26. Rxf2 Qxg5+ 27. Qxg5
hxg5 28. Rxf8+ Nxf8 29. Kg3 Kg7 30. Kg4 Kh6 31. Ne4 Nh7 32. Nd6 Ne5+ 33. Kf5 g4
34. Kxe5 g3 35. Nf7+ Kg7 36. Nd6 g2 37. Bxg2 Re8+ 38. Kf5 Re2 39. Be4 Rf2+ 40.
Ke5 Re2 41. Nxb7 Ng5 42. Kf4 Kf6 43. Bd3 Nh3+ 44. Kf3 Rf2+ 45. Kg3 Rf4 46. Kxh3
Kg5 47. Kg3 Rf6 48. Nc5 Rf4 49. Ne4+ Kf5 50. Nd6+ Ke5 51. Nc4+ Rxc4 52. Bxc4
Kd4 53. Bd3 Kc5 54. a3 Kb6 55. b4 Kb7 56. Be4+ Kb6 57. c4 Ka6 58. a4 Kb6 59.
c5+ Ka6 60. b5+ Ka5 61. c6 Kb6 62. Kf4 Kc5 63. c7 a5 64. bxa6 Kb6 65. c8=Q Ka7
66. Qb7# 1-0

[Event "Detroit (MOR/5/105)"]
[Site "?"]
[Date "1992.??.??"]
[Round "?"]
[White "Caron, L."]
[Black "Carpenter, O."]
[Result "0-1"]
[WhiteElo "1605"]
[BlackElo "1605"]
[PlyCount "72"]
[EventDate "1992.??.??"]

{5/(105)} 1. d4 Nf6 2. g3 g6 3. Bg2 Bg7 4. Bf4 O-O 5. e4 d6 6. Ne2 e5 7. Bg5 h6
8. Bxf6 Bxf6 9. O-O Bg7 10. c4 Nc6 11. d5 Ne7 12. b4 f5 13. Nbc3 f4 14. f3 Bd7
15. b5 b6 16. g4 g5 17. Na4 Kf7 18. Nb2 Rh8 19. h4 gxh4 20. Nd3 Ng6 21. Bh3 h5
22. Kf2 hxg4 23. fxg4 Qg5 24. Ng1 Ne7 25. Nf3 Qg6 26. Rg1 Ng8 27. Rg2 Nh6 28.
Qg1 Bf6 29. Re1 a6 30. a4 axb5 31. axb5 Ra2+ 32. Kf1 Rxg2 33. Qxg2 Nxg4 34.
Bxg4 Bxg4 35. Nh2 Rg8 36. Nf2 Be2+ 0-1

[Event "Detroit (Pan Am/5)"]
[Site "?"]
[Date "1992.??.??"]
[Round "?"]
[White "Cannon, Gregory"]
[Black "Greenwald, R."]
[Result "1-0"]
[WhiteElo "1605"]
[BlackElo "1605"]
[PlyCount "71"]
[EventDate "1992.??.??"]

1. d4 g6 2. g3 Bg7 3. Nf3 c5 4. d5 d6 5. c4 Nf6 6. Bg2 O-O 7. Nc3 Bf5 8. O-O a6
9. Re1 Bd7 10. e4 b5 11. Qe2 Ne8 12. e5 Nc7 13. exd6 exd6 14. Bf4 Re8 15. Qf1
bxc4 16. Rxe8+ Bxe8 17. Qxc4 Nb5 18. Rc1 Nxc3 19. bxc3 Bb5 20. Qb3 Be8 21. h4
a5 22. Rb1 Qc7 23. Qb7 Qxb7 24. Rxb7 Bf8 25. Rb6 Nd7 26. Rb1 f5 27. Ng5 Be7 28.
Re1 Ne5 29. Bxe5 dxe5 30. d6 Bxg5 31. Bxa8 e4 32. f4 Bd8 33. Rd1 Bf7 34. Bd5
Bxd5 35. Rxd5 Kf7 36. Rxc5 1-0

[Event "Detroit (Pan Am/1)"]
[Site "?"]
[Date "1992.??.??"]
[Round "?"]
[White "Cannon, Gregory"]
[Black "Davy, Erez"]
[Result "0-1"]
[WhiteElo "1605"]
[BlackElo "1740"]
[PlyCount "40"]
[EventDate "1992.??.??"]

1. d4 d5 2. g3 Nf6 3. Bg2 e6 4. Nf3 Be7 5. O-O O-O 6. c4 Nbd7 7. Qc2 c5 8. cxd5
Nxd5 9. Bd2 cxd4 10. Nxd4 N7f6 11. Nc3 Nb4 12. Qa4 Qxd4 13. Rfd1 Qd7 14. Qb3
Nc6 15. Bf4 Qe8 16. Nb5 Bd8 17. Bc7 Bd7 18. Bd6 Na5 19. Bxf8 Nxb3 20. axb3 Bxb5
0-1

[Event "Detroit (Pan Am/4)"]
[Site "?"]
[Date "1992.??.??"]
[Round "?"]
[White "Cannon, Gregory"]
[Black "Bonasera, J."]
[Result "0-1"]
[WhiteElo "1605"]
[BlackElo "1605"]
[PlyCount "124"]
[EventDate "1992.??.??"]

1. d4 Nf6 2. c4 g6 3. g3 Bg7 4. Bg2 O-O 5. Nc3 c6 6. Nf3 d6 7. O-O Be6 8. b3 d5
9. c5 Nbd7 10. Rb1 Bf5 11. Nh4 Bxb1 12. Nxb1 e5 13. e3 e4 14. b4 Ne8 15. f3 Bf6
16. f4 Bxh4 17. gxh4 Qxh4 18. Qe2 f5 19. Bd2 Ndf6 20. Be1 Qh6 21. Bg3 Qg7 22.
Nc3 b6 23. b5 bxc5 24. bxc6 cxd4 25. exd4 Nc7 26. Rb1 Rab8 27. Rb7 Rxb7 28.
cxb7 Nd7 29. Qb2 Nb6 30. Qa3 Nd7 31. Bf2 Re8 32. Be3 Qe7 33. Qxa7 Qd8 34. Qa5
Nb8 35. Bf1 Nca6 36. Qb5 Re6 37. Nxd5 Rd6 38. Bc4 Kg7 39. Bd2 Nc7 40. Nxc7 Qxc7
41. Qe5+ Kh6 42. Bb4 Rd7 43. Bf8+ Kh5 44. Be2+ Kh4 45. Qf6+ Kh3 46. Bc5 Qxf4
47. Bf1+ Kg4 48. Bh3+ Kxh3 49. Qf8 Qe3+ 50. Kf1 Qc1+ 51. Ke2 Qc2+ 52. Ke3 Qd3+
53. Kf4 Qf3+ 54. Ke5 Rxb7 55. Qh6+ Kg2 56. d5 Nd7+ 57. Kd6 Nxc5 58. Qd2+ Qf2
59. Qxf2+ Kxf2 60. Kxc5 Rc7+ 61. Kd6 Rc3 62. Ke7 e3 0-1

[Event "Detroit (MOR/3/75)"]
[Site "?"]
[Date "1992.??.??"]
[Round "?"]
[White "Calton, David A"]
[Black "Shields, B."]
[Result "1-0"]
[WhiteElo "1720"]
[BlackElo "1605"]
[PlyCount "61"]
[EventDate "1992.??.??"]

{3/(75)} 1. d4 d5 2. Nf3 Nf6 3. e3 g6 4. Bd3 Bg7 5. O-O O-O 6. h3 Nbd7 7. Nbd2
c5 8. c3 Re8 9. e4 dxe4 10. Nxe4 cxd4 11. Nxd4 Ne5 12. Bf4 Nxd3 13. Qxd3 Bf5
14. f3 Qb6 15. Be3 Nd5 16. Nxf5 Nf4 17. Qd2 Nxh3+ 18. gxh3 Qe6 19. Nxg7 Kxg7
20. Bh6+ Kg8 21. Qg2 Qb6+ 22. Rf2 Rad8 23. Raf1 f5 24. Ng5 Rd2 25. Kh1 Rd3 26.
Qg3 e5 27. h4 e4 28. Nxe4 fxe4 29. fxe4 Rxg3 30. Rf8+ Rxf8 31. Rxf8# 1-0

[Event "Flint (Class B/1)"]
[Site "?"]
[Date "1992.??.??"]
[Round "?"]
[White "Calton, David A"]
[Black "Munger, Larry"]
[Result "1-0"]
[WhiteElo "1605"]
[BlackElo "1690"]
[PlyCount "73"]
[EventDate "1992.??.??"]

1. d4 g6 2. Nf3 Bg7 3. e4 d6 4. Bd3 Nf6 5. O-O O-O 6. Bf4 c5 7. c3 c4 8. Bc2 d5
9. e5 Ne4 10. Nbd2 f5 11. exf6 Rxf6 12. Be5 Nxd2 13. Qxd2 Rf8 14. Bxg7 Kxg7 15.
Rfe1 Nc6 16. h4 Bg4 17. Ne5 Nxe5 18. Rxe5 Rf6 19. f3 Bf5 20. Bxf5 gxf5 21. Qg5+
Rg6 22. Qxe7+ Kh6 23. Qxd8 Rxd8 24. Rxf5 Rd7 25. Re1 b5 26. g4 a5 27. Ree5 Rgd6
28. Rh5+ Kg7 29. Reg5+ Kf8 30. Rf5+ Kg7 31. Rhg5+ Kh6 32. Rg8 Rg7 33. Rh5+ Kg6
34. Rg5+ Kh6 35. R8xg7 b4 36. Rg8 bxc3 37. Rh5# 1-0

[Event "Detroit (Pam Am/4)"]
[Site "?"]
[Date "1992.??.??"]
[Round "?"]
[White "Calton, David A"]
[Black "Morabito, Matthew"]
[Result "0-1"]
[WhiteElo "1785"]
[BlackElo "1725"]
[PlyCount "92"]
[EventDate "1992.??.??"]

1. d4 d6 2. e4 Nf6 3. Bd3 g6 4. c3 Bg7 5. Bf4 O-O 6. Nf3 Bg4 7. O-O c5 8. d5
Nbd7 9. h3 Bxf3 10. Qxf3 Qb6 11. b3 a5 12. Bc2 a4 13. bxa4 Qb2 14. Na3 Ne5 15.
Bxe5 dxe5 16. c4 Qb6 17. Rab1 Qc7 18. Nb5 Qd7 19. Rb2 Ne8 20. Rfb1 Rb8 21. Qe3
b6 22. Nc3 Nd6 23. Qd3 Qc7 24. Nb5 Nxb5 25. Rxb5 f5 26. Qb3 fxe4 27. Bxe4 Rf6
28. a5 Rbf8 29. axb6 Qb7 30. f3 Bh6 31. d6 Qd7 32. dxe7 Qxe7 33. Bd5+ Kh8 34.
a4 e4 35. Bxe4 Qe5 36. a5 Qg3 37. a6 Bf4 38. Qc2 Qh2+ 39. Kf1 Bg3 40. a7 Qh1+
41. Ke2 Qxg2+ 42. Kd3 Rxf3+ 43. Bxf3 Qxf3+ 44. Kd2 Bf4+ 45. Ke1 Re8+ 46. Qe4
Rxe4# 0-1

[Event "Detroit (MOR/7/53)"]
[Site "?"]
[Date "1992.??.??"]
[Round "?"]
[White "Calton, David A"]
[Black "Holland, J."]
[Result "0-1"]
[WhiteElo "1720"]
[BlackElo "1660"]
[PlyCount "126"]
[EventDate "1992.??.??"]

{7/(53)} 1. d4 d5 2. Nf3 Bf5 3. e3 e6 4. Bd3 Bxd3 5. Qxd3 c6 6. Nbd2 Bd6 7. c3
Nd7 8. e4 Bf4 9. O-O dxe4 10. Nxe4 Qc7 11. h3 Ngf6 12. Nxf6+ gxf6 13. Bxf4 Qxf4
14. Qe3 Qd6 15. Qh6 O-O-O 16. Rfe1 Rdg8 17. Re3 Rg6 18. Qh4 Rhg8 19. g3 f5 20.
Ne5 Nxe5 21. Rxe5 f6 22. Re2 f4 23. g4 f3 24. Re3 f5 25. Rxf3 fxg4 26. Rg3 gxh3
27. Kh2 Rg4 28. Qxh3 Qf4 29. Qg2 h5 30. Qf3 Rh4+ 31. Kg2 Rxg3+ 32. fxg3 Rh2+
33. Kxh2 Qxf3 34. Rg1 Kd7 35. Rg2 Kd6 36. a3 Kd5 37. Kg1 e5 38. dxe5 Kxe5 39.
Kh1 Kf5 40. Kg1 Kg4 41. Kh2 c5 42. c4 a5 43. b3 Qxb3 44. a4 Qxc4 45. Rf2 Qxa4
46. Rg2 Qa3 47. Kh1 Qc1+ 48. Kh2 Qe1 49. Rg1 Qxg1+ 50. Kxg1 Kxg3 51. Kf1 a4 52.
Ke2 a3 53. Kd3 a2 54. Kc4 a1=Q 55. Kb5 Qc3 56. Kb6 Qb4+ 57. Kc7 c4 58. Kb8 Qe7
59. Ka7 Qc7 60. Ka8 c3 61. Ka7 c2 62. Ka8 c1=R 63. Ka7 Ra1# 0-1

[Event "Detroit (Pan Am/2)"]
[Site "?"]
[Date "1992.??.??"]
[Round "?"]
[White "Calton, David A"]
[Black "Drkulec, Vladimir"]
[Result "0-1"]
[WhiteElo "1785"]
[BlackElo "2120"]
[PlyCount "62"]
[EventDate "1992.??.??"]

1. d4 Nf6 2. Nf3 c5 3. e3 g6 4. c3 cxd4 5. exd4 Bg7 6. Bf4 O-O 7. Bd3 d5 8. O-O
Nc6 9. Nbd2 Bf5 10. Bxf5 gxf5 11. Ne5 Nxe5 12. Bxe5 Ne4 13. Bxg7 Kxg7 14. Nxe4
fxe4 15. Qg4+ Kh8 16. Qf5 Rc8 17. a4 Rc6 18. h4 Rg6 19. Kh2 Qd6+ 20. g3 f6 21.
f4 e6 22. Qh5 f5 23. Qe2 Rfg8 24. Rg1 Rg4 25. Qe3 Qb6 26. b4 a6 27. Rg2 e5 28.
fxe5 f4 29. Qe1 Qd8 30. Raa2 Rxg3 31. Rxg3 Qxh4+ 0-1

[Event "Detroit (MOR/1a/38)"]
[Site "?"]
[Date "1992.??.??"]
[Round "?"]
[White "Calton, David A"]
[Black "Cheak, T."]
[Result "0-1"]
[WhiteElo "1720"]
[BlackElo "1605"]
[PlyCount "113"]
[EventDate "1992.??.??"]

1. e4 c5 2. c3 d6 3. d4 cxd4 4. cxd4 Bd7 5. Qb3 Qc8 6. Bc4 e6 7. f4 b5 8. Bxb5
Qxc1+ 9. Ke2 Nc6 10. Bxc6 Bxc6 11. d5 exd5 12. exd5 Bd7 13. g3 Rc8 14. Qe3+
Qxe3+ 15. Kxe3 Ne7 16. Nc3 Nf5+ 17. Ke4 g6 18. g4 Ne7 19. h3 Bg7 20. Nge2 f5+
21. Kf3 O-O 22. g5 Rc5 23. Rad1 Rb8 24. Rd2 Bc8 25. Rhd1 Ba6 26. Na4 Bxe2+ 27.
Rxe2 Rc7 28. b3 Rb5 29. Red2 Ra5 30. h4 Nc8 31. Re2 Kf7 32. Rd3 Nb6 33. Nxb6
axb6 34. a4 Rac5 35. Re6 Rc3 36. Ke2 Rxd3 37. Kxd3 Rc3+ 38. Kd2 Rxb3 39. Rxd6
Rb4 40. Ke3 Rxa4 41. Kf3 Rd4 42. Rxb6 Rxd5 43. Rc6 h6 44. Rc7+ Kg8 45. Rc6 Kh7
46. Rc7 hxg5 47. hxg5 Kg8 48. Rc8+ Bf8 49. Ke3 Kf7 50. Rc6 Bd6 51. Ra6 Ke6 52.
Rc6 Rc5 53. Ra6 Rc4 54. Rb6 Kd5 55. Ra6 Bxf4+ 56. Kf3 Bd6 57. Ra5+ 0-1

[Event "Detroit (MOR/5/62)"]
[Site "?"]
[Date "1992.??.??"]
[Round "?"]
[White "Calton, David A"]
[Black "Burwell, Norman"]
[Result "1-0"]
[WhiteElo "1720"]
[BlackElo "1605"]
[PlyCount "40"]
[EventDate "1992.??.??"]

{5/(62)} 1. d4 d5 2. Nf3 Nc6 3. e3 a6 4. Bd3 Nf6 5. Nbd2 g6 6. c3 Bg7 7. h3 O-O
8. e4 dxe4 9. Nxe4 Nxe4 10. Bxe4 f5 11. Bxc6 bxc6 12. O-O Bb7 13. Qb3+ Kh8 14.
Qxb7 Qd6 15. Qb3 a5 16. Ng5 a4 17. Nf7+ Rxf7 18. Qxf7 e5 19. dxe5 Bxe5 20. Bh6
Re8 1-0

[Event "Detroit (Pan Am/6)"]
[Site "?"]
[Date "1992.??.??"]
[Round "?"]
[White "Calton, David A"]
[Black "Burdick, B."]
[Result "0-1"]
[WhiteElo "1785"]
[BlackElo "2035"]
[PlyCount "100"]
[EventDate "1992.??.??"]

1. d4 Nf6 2. Nf3 g6 3. Nbd2 c5 4. e3 Bg7 5. c3 b6 6. Bd3 O-O 7. O-O d6 8. Re1
Nbd7 9. e4 e5 10. dxe5 dxe5 11. Nc4 Qc7 12. Bg5 Bb7 13. Bc2 Rfd8 14. Qd6 Qxd6
15. Nxd6 Bc6 16. Bb3 Rf8 17. Bxf6 Bxf6 18. Rad1 Rad8 19. a4 a6 20. h3 b5 21.
axb5 axb5 22. c4 b4 23. Ra1 Be7 24. Rad1 Nb8 25. Nb5 f6 26. Ba4 Rxd1 27. Bxd1
Rd8 28. Kf1 Bxe4 29. Rxe4 Rxd1+ 30. Re1 Rxe1+ 31. Kxe1 Nc6 32. Kd2 Nd4 33.
Nfxd4 cxd4 34. b3 Kf7 35. f3 Ke6 36. Kd3 Kd7 37. Ke4 f5+ 38. Kd3 Bc5 39. h4 h6
40. g4 e4+ 41. fxe4 fxg4 42. Nxd4 g3 43. Ne2 g2 44. e5 g1=Q 45. Nxg1 Bxg1 46.
Ke4 Ke6 47. h5 g5 48. Kf3 Kxe5 49. Kg4 Ke4 50. Kg3 Kf5 0-1

[Event "Flint (Class B/4)"]
[Site "?"]
[Date "1992.??.??"]
[Round "?"]
[White "Calton, David A"]
[Black "Anderson, Connie"]
[Result "1-0"]
[WhiteElo "1605"]
[BlackElo "1770"]
[PlyCount "121"]
[EventDate "1992.??.??"]

1. d4 d5 2. Nf3 Nf6 3. e3 c6 4. Bd3 Bg4 5. Nbd2 e6 6. c3 Bd6 7. e4 dxe4 8. Nxe4
Nxe4 9. Bxe4 Nd7 10. h3 Bxf3 11. Bxf3 O-O 12. Qc2 Rc8 13. Be3 b5 14. O-O a5 15.
Rfc1 e5 16. dxe5 Nxe5 17. Be4 Ng6 18. Bxg6 fxg6 19. Rd1 Qf6 20. Qd2 Rcd8 21.
Bg5 Bh2+ 22. Kxh2 Qe5+ 23. f4 Rxd2 24. fxe5 Rxb2 25. Rd8 Re2 26. Rxf8+ Kxf8 27.
Bf4 Rc2 28. a4 bxa4 29. Rxa4 Rxc3 30. Rxa5 Rc4 31. Bg3 h5 32. h4 g5 33. hxg5 g6
34. Bf2 Kf7 35. Rc5 Rxc5 36. Bxc5 Ke6 37. Bd4 c5 38. Bxc5 Kxe5 39. Be7 Kf4 40.
Kh3 Kf5 41. g3 Ke4 42. g4 hxg4+ 43. Kxg4 Ke3 44. Ba3 Ke4 45. Bc1 Ke5 46. Kf3
Kf5 47. Bf4 Ke6 48. Ke4 Kd7 49. Kd5 Ke7 50. Ke5 Kf7 51. Kd6 Kf8 52. Ke6 Kg7 53.
Ke7 Kg8 54. Kf6 Kh7 55. Bd6 Kh8 56. Kxg6 Kg8 57. Kf6 Kh7 58. Kf7 Kh8 59. Bf4
Kh7 60. g6+ Kh8 61. Be5# 1-0

[Event "Flint (MEX/3)"]
[Site "?"]
[Date "1992.??.??"]
[Round "?"]
[White "Calton, Bill"]
[Black "Noren, Kevin"]
[Result "0-1"]
[WhiteElo "2130"]
[BlackElo "2320"]
[PlyCount "84"]
[EventDate "1992.??.??"]

1. d4 Nf6 2. Nf3 e6 3. Bg5 c5 4. c3 d5 5. e3 Qb6 6. Bxf6 gxf6 7. Qc2 Nc6 8.
Nbd2 cxd4 9. Nxd4 Nxd4 10. cxd4 Bd7 11. Nb1 Rc8 12. Nc3 Bb4 13. Bd3 Qa5 14. Rc1
Qxa2 15. O-O Bxc3 16. bxc3 Qxc2 17. Rxc2 f5 18. Rb2 b6 19. Ra2 a5 20. Rb1 Rxc3
21. Bf1 Rc6 22. Rab2 Ke7 23. Rxb6 Rxb6 24. Rxb6 Ra8 25. Bb5 Bxb5 26. Rxb5 a4
27. Rb2 a3 28. Ra2 Kd6 29. Kf1 Kc6 30. Ke2 Kb5 31. Kd3 Kb4 32. Kc2 Rc8+ 33. Kb1
Kb3 34. Re2 Rb8 35. Ra2 f6 36. Ka1 e5 37. dxe5 fxe5 38. Rd2 Kc4 39. Ka2 d4 40.
exd4 exd4 41. Rc2+ Kd3 42. Rc7 Ke2 0-1

[Event "Detroit (MI Op/1a/26)"]
[Site "?"]
[Date "1992.??.??"]
[Round "?"]
[White "Calton, Bill"]
[Black "Marinelli, Philip"]
[Result "1/2-1/2"]
[WhiteElo "2045"]
[BlackElo "1725"]
[PlyCount "82"]
[EventDate "1992.??.??"]

1. d4 Nf6 2. Nf3 d6 3. c4 Nbd7 4. Nc3 e5 5. e4 c6 6. Be2 Be7 7. O-O O-O 8. h3
Qc7 9. Be3 Re8 10. Qc2 Nf8 11. Rfc1 Bd7 12. b4 Ng6 13. Rab1 Bf8 14. d5 Nf4 15.
Bf1 h6 16. Qd2 cxd5 17. cxd5 Qd8 18. Ne1 g5 19. f3 b6 20. Bb5 N6h5 21. a4 Re7
22. Bc6 Rb8 23. Nb5 Be8 24. a5 Ng3 25. axb6 axb6 26. Rc2 f5 27. Nc3 Bg6 28. Qf2
Ngh5 29. Ra1 fxe4 30. Nxe4 Bf5 31. Kh2 Bxe4 32. fxe4 Rf7 33. Nf3 Ng6 34. Rf1
Nf6 35. Nd2 Ng4+ 36. hxg4 Rxf2 37. Bxf2 Qc8 38. Kg3 Nf4 39. b5 Ne2+ 40. Kf3
Nd4+ 41. Bxd4 exd4 1/2-1/2

[Event "Detroit (MI Op/7/21)"]
[Site "?"]
[Date "1992.??.??"]
[Round "?"]
[White "Calton, Bill"]
[Black "Manion, Tom"]
[Result "1-0"]
[WhiteElo "2045"]
[BlackElo "1875"]
[PlyCount "73"]
[EventDate "1992.??.??"]

{7/(21)} 1. e4 e5 2. Bc4 Nf6 3. d3 Nc6 4. Nc3 Bb4 5. Nge2 d5 6. exd5 Nxd5 7.
O-O Be6 8. Ne4 Be7 9. f4 exf4 10. Bxd5 Bxd5 11. Bxf4 Bxe4 12. dxe4 Bc5+ 13. Kh1
Bb6 14. Qe1 Qe7 15. Nc3 Nd4 16. Nd5 Qc5 17. b4 Qc4 18. Qh4 O-O 19. Be5 Rfe8 20.
Bxg7 Kxg7 21. Qf6+ Kg8 22. Qg5+ Kh8 23. Rxf7 Ne6 24. Qf5 Ng7 25. Nf6 Qxe4 26.
Qxe4 Rxe4 27. Nxe4 Bd4 28. Raf1 Rg8 29. Rxc7 h5 30. Rxb7 h4 31. Ng5 Be3 32.
Nf7+ Kh7 33. Nd6 Kg6 34. Rxg7+ Rxg7 35. Nf5 Rf7 36. Nxe3 Rxf1+ 37. Nxf1 1-0

[Event "Flint (MEX/2)"]
[Site "?"]
[Date "1992.??.??"]
[Round "?"]
[White "Calton, Bill"]
[Black "Finegold, Mark"]
[Result "1/2-1/2"]
[WhiteElo "2130"]
[BlackElo "2235"]
[PlyCount "86"]
[EventDate "1992.??.??"]

1. e4 c5 2. Nf3 e6 3. d4 cxd4 4. Nxd4 Nf6 5. Nd2 d6 6. Be2 Nc6 7. c3 Be7 8. O-O
O-O 9. Qc2 Qc7 10. N2f3 a6 11. h3 b6 12. Nxc6 Qxc6 13. e5 dxe5 14. Nxe5 Qc7 15.
Bf3 Nd5 16. Nd3 Bb7 17. Nf4 Rad8 18. Nxd5 Bxd5 19. Bxd5 Rxd5 20. Be3 b5 21.
Rad1 Rfd8 22. Rxd5 Rxd5 23. Rd1 Qd6 24. Rxd5 Qxd5 25. a4 f5 26. axb5 axb5 27.
Qd2 Qxd2 28. Bxd2 e5 29. Kf1 Kf7 30. Ke2 Ke6 31. Be3 Kd5 32. b3 Bd6 33. Bb6 e4
34. Bd4 g6 35. Bf6 Bf8 36. Bh8 Be7 37. Bg7 Bc5 38. Bf6 Bb6 39. Bg7 Bc7 40. Bf6
Bd6 41. Bg7 Bf4 42. Bf6 Bh6 43. Bh8 Bg5 1/2-1/2

[Event "Detroit (MI Op/5/23)"]
[Site "?"]
[Date "1992.??.??"]
[Round "?"]
[White "Calton, Bill"]
[Black "Bee, A."]
[Result "1-0"]
[WhiteElo "2045"]
[BlackElo "1930"]
[PlyCount "63"]
[EventDate "1992.??.??"]

{5/(23)} 1. e4 d6 2. d4 Nf6 3. Nc3 g6 4. f3 Bg7 5. Be3 c6 6. Qd2 h5 7. h4 Qa5
8. Nge2 Nbd7 9. Nc1 Qc7 10. Nb3 a5 11. a4 b6 12. Be2 Bb7 13. O-O-O e6 14. Kb1
O-O 15. g4 Kh7 16. gxh5 Nxh5 17. f4 f5 18. Rdg1 Ndf6 19. e5 dxe5 20. fxe5 Ng8
21. Bxh5 gxh5 22. Rg5 Qf7 23. Rhg1 Bh6 24. Rg6 f4 25. Qd3 Qf5 26. Qxf5 Rxf5 27.
Bf2 c5 28. Rxe6 c4 29. Rxb6 Rb8 30. Nxa5 Rf7 31. Nxc4 Ne7 32. Nd6 1-0

[Event "Flint (Class DE/3)"]
[Site "?"]
[Date "1992.??.??"]
[Round "?"]
[White "Calabria, John"]
[Black "Purkey, L."]
[Result "1-0"]
[WhiteElo "1605"]
[BlackElo "1605"]
[PlyCount "109"]
[EventDate "1992.??.??"]

1. d4 Nf6 2. c4 g6 3. Nc3 Bg7 4. Nf3 O-O 5. Bg5 h6 6. Bxf6 Bxf6 7. e4 d6 8. Nd5
Bg7 9. Be2 Nc6 10. O-O Bg4 11. Qd2 Bxf3 12. Bxf3 Nxd4 13. Bd1 e5 14. f4 Nc6 15.
f5 Nd4 16. f6 Bh8 17. Qxh6 c6 18. Ne7+ Qxe7 19. fxe7 Rfe8 20. Bb3 c5 21. g4
Rxe7 22. g5 Bg7 23. Qh3 a6 24. Rae1 b5 25. Re3 b4 26. Kh1 Rf8 27. Rg3 Ne2 28.
Rg4 Nf4 29. Qh4 f6 30. Rfxf4 exf4 31. Rxf4 f5 32. Rf3 Rxe4 33. Qh3 Rfe8 34. Kg1
Kf7 35. Kg2 Rg4+ 36. Qxg4 Re2+ 37. Rf2 Rxf2+ 38. Kxf2 fxg4 39. Kg3 Bxb2 40.
Kxg4 Ke6 41. h4 Ke5 42. Bc2 Kd4 43. Bxg6 Kxc4 44. Bf7+ Kd3 45. g6 Ke4 46. h5
Bg7 47. Kg5 d5 48. h6 c4 49. hxg7 c3 50. g8=Q c2 51. Qc8 Kd3 52. Qf5+ Kc3 53.
Qe5+ Kd2 54. Qxd5+ Kc1 55. g7 1-0

[Event "Flint (Class DE/4)"]
[Site "?"]
[Date "1992.??.??"]
[Round "?"]
[White "Calabria, John"]
[Black "Barker, Scott"]
[Result "1-0"]
[WhiteElo "1605"]
[BlackElo "1605"]
[PlyCount "91"]
[EventDate "1992.??.??"]

1. d4 d5 2. c4 dxc4 3. e4 b5 4. a4 Ba6 5. axb5 Bxb5 6. Nc3 Qd7 7. b3 Ba6 8.
bxc4 e6 9. Nf3 Bb4 10. Bd2 Nf6 11. Qb3 Bxc3 12. Bxc3 Nxe4 13. Bd3 Nxc3 14. Qxc3
Bb7 15. Ne5 Qe7 16. O-O O-O 17. Rab1 Bc6 18. Rfe1 Bd7 19. Qc2 g6 20. Re4 Nc6
21. h4 Nxe5 22. dxe5 Bc6 23. Rg4 f5 24. exf6 Rxf6 25. h5 Kg7 26. Qc3 e5 27. Re1
Re8 28. c5 Qe6 29. Rg5 e4 30. Bc4 Qe7 31. Re3 Kh6 32. Rgg3 gxh5 33. Qd2 Rf4 34.
Rh3 Qxc5 35. g3 Rf3 36. Rxf3+ Kg6 37. Bf7+ Kg7 38. Bxe8 exf3 39. Rxh5 Qe7 40.
Qh6+ Kh8 41. Qxc6 Qe1+ 42. Kh2 Qxf2+ 43. Kh3 Qf1+ 44. Kg4 f2 45. Qf6+ Kg8 46.
Rg5# 1-0